000 00615nam a2200193Ia 4500
003 GCL
008 140319s9999 xx 000 0 ara d
040 _aGCL /
_cGCL
082 0 4 _a257.3
_bم ا
100 1 _aمحمد عبدالمنعم خفاجى
245 1 0 _aالاسلام ونظريتة الاقتصادية /
_cمحمد عبدالمنعم خفاجى
260 _aبيروت :
_bدار الكتاب اللبنانى ،
_c1982
300 _a181 ص ؛
_c24 سم
490 _a
650 0 4 _aالاقتصاد
650 0 4 _aالاسلام
650 0 4 _aالاقتصاد الاسلامى
942 _2ddc
_cBK
999 _c45294
_d45294